| 000 | 00970cam a2200301 a 4500 | ||
|---|---|---|---|
| 001 | 22387 | ||
| 003 | BD-RjUL | ||
| 005 | 20211209000812.0 | ||
| 008 | 140308s1951 enk b 001 0 eng d | ||
| 035 | _a(BD-RjUL)22452 | ||
| 040 |
_aDLC _cHEI _dm.c _dBD-RjUL _dEQO _beng |
||
| 041 | _aeng | ||
| 082 |
_a840.8036 _bSTL 1951 |
||
| 099 | _a*ML F - 7 - B2 | ||
| 100 | 1 |
_aStrachey, Lytton, _d1880-1932. _964260 |
|
| 245 | 1 | 0 |
_aLandmarks in French literature / _cby G.L. Strachey |
| 260 |
_aLondon ; _aNew York : _bOxford Unversity Press, _c1912 [Reprinted 1951]. |
||
| 300 |
_a192 p. ; _c18 cm |
||
| 490 | 1 |
_aHome university library of modern knowledge ; _vno. 31 |
|
| 500 | _aIncludes index. | ||
| 504 | _a"Bibliographical note": p. 253 | ||
| 650 | 0 |
_aFrench literature _xHistory and criticism _964261 |
|
| 830 | 0 |
_vno. 31 _969128 |
|
| 830 | 0 |
_aHome university library of modern knowledge ; _969129 |
|
| 942 |
_2ddc _cBK |
||
| 999 |
_c22387 _d22387 |
||